Waste treatment environmental impact in the mining industry

Guardat en:
Dades bibliogràfiques
Autors principals: Sánchez, Mario A (Autor), Castro, Sergio H (Autor), Vergara, Froilan (Autor)
Format: Llibre
Idioma:anglès
Publicat: Concepción Universidad de Concepción 2000
Edició:1a. ed
Matèries:
Etiquetes: Afegir etiqueta
Sense etiquetes, Sigues el primer a etiquetar aquest registre!

MARC

LEADER 00000cam a2200000 a 4500
001 UCC6757
003 CL-VaPUC
005 20210507001511.0
008 190103e20000000cl 1 eng d
020 |a 9562272303v.1 
082 0 4 |a 628.3  |b SAN  |2 21 
100 1 |a Sánchez, Mario A  |e author  |9 622363 
700 1 |a Castro, Sergio H  |e author  |9 622364 
700 1 |a Vergara, Froilan  |e author  |9 622365 
245 1 0 |a Waste treatment environmental impact in the mining industry 
250 |a 1a. ed 
260 |a Concepción  |b Universidad de Concepción  |c 2000 
300 |a v 
583 |a last modification  |c 20190909 09:33:17  |k Rodrigo Vera 
650 0 0 |a Aguas servidas  |9 261486 
650 0 7 |a TRATAMIENTO DE AGUAS RESIDUALES  |2 CL-VaPUC  |9 622366 
650 0 0 |a Industria minera  |9 260256 
942 |c BK 
945 |a dcastane  |d 20190103 17:32:00 
546 |a En Inglés 
536 |a Universidad de Concepción 
518 |p International Conference on Clean Technologies for the Mining Industry, 5, Santiago de Chile, may 9-13 2000 
999 |c 384951  |d 384949 
952 |0 0  |1 0  |3 erd  |4 0  |6 628_300000000000000_SAN_2000  |7 0  |8 A  |9 507964  |a BIBING  |b BIBING  |h v.1  |i 5527805  |o 628.3 SAN 2000  |p 5527805  |r 2025-01-20  |w 2020-01-23  |y BK  |z Catalogado en:20190103  |k EIQ